A közösségi média szerepe az online marketingkommunikációban Különös tekintettel a fiatalok online médiafogyasztására

Bibliographic Details
Main Author: Barsi Vivien
Other Authors: Kovács Dr. habil András
Format: Thesis
Kulcsszavak:Közösségi média
Online marketingkommunikáció
Közösségi média marketing
Fiatalok online médiafogyasztása
Facebook
YouTube
Instagram
Online Access:http://dolgozattar.uni-bge.hu/13082

MARC

LEADER 00000nta a2200000 i 4500
001 dolg13082
005 20180212154537.0
008 171201suuuu hu om 000 hun d
040 |a BGE Dolgozattár Repozitórium  |b hun 
041 |a hu 
100 1 |a Barsi Vivien 
245 1 2 |a A közösségi média szerepe az online marketingkommunikációban Különös tekintettel a fiatalok online médiafogyasztására  |c Barsi Vivien  |h [elektronikus dokumentum] 
695 |a Közösségi média  
695 |a Online marketingkommunikáció 
695 |a Közösségi média marketing 
695 |a Fiatalok online médiafogyasztása 
695 |a Facebook 
695 |a YouTube 
695 |a Instagram 
700 1 |a Kovács Dr. habil András  |e ths 
856 4 0 |u http://dolgozattar.uni-bge.hu/13082/1/Barsi%20Vivien%20-%20Szakdolgozat.pdf  |z Dokumentum-elérés